000 00353nam a2200133 i 4500
001 bg
100 1 _aZIELIŃSKI, Jan
245 0 _aMateriały pomocnicze do studiowania ekonomii politycznej w wyższych... /
_cJan Zieliński.
260 _aKielce,
_c1981.
040 _cBPK
041 _apol
942 _cKS
008 s pl f |000 0 pol
999 _c20411
_d20411
856 _uhttp://koha.tu.koszalin.pl/cgi-bin/koha/opac-detail.pl?biblionumber=20411
_yKatalog online BPK